00941nas a2200229Ia 4500001001100000003000900011008004100020040001300061040001300074041001300087100004300100210001200143222001200155245008700167250001100254260002200265501008600287300001800373362003500391500024200426650004300668R142/77669IT-RoPAU151124c99999999xx |||||||||||| ||und|| aIT-RoPAU cIT-RoPAU aFRANCESE aQuere' LouisgCodice Aut. SPICS: 184 aRESEAUX aReseaux aRESEAUX, N.043 (SETTEMBRE/OTTOBRE 1990)bOpinion (L'): L'Economie Du Vraisemblable a1a ed. aPARISbCNETc1990 bPaulus - SPICS - Società San Paolo EM (non-commercial uses only)cCopyright2015 a26 p. [33-58] aN.043 (SETTEMBRE/OTTOBRE 1990) aOpinione: Economia del Verosimile. Introduzione a un Approccio Prasseologico dell'Opinione Pubblica. Opinione Non è una Forma Provvisoria di Conoscenza. Caratteristiche dell'Opinione Come Giudizio. Opinione e la Verità Delverosimile. aCOMUNICAZIONEvPUBBLICAZIONE PERIODICA